| 000 | 00000nam##2200000za#4500 |
| 001 | 9.686970 |
| 003 | CaOODSP |
| 005 | 20210927150426 |
| 007 | cr ||||||||||| |
| 008 | 150407|2005||||xxc|||||o f|0| 0 eng|d |
| 020 | |a0-662-36918-1 |
| 040 | |aCaOODSP|beng |
| 043 | |an-cn--- |
| 086 | 1 |aR2-333/2004E-PDF |
| 110 | 1 |aCanada. |bIndian and Northern Affairs Canada. |
| 245 | 10|aFamily violence prevention program - national manual |h[electronic resource] |
| 260 | |aOttawa - Ontario : |bIndian and Northern Affairs |c2005. |
| 300 | |a79p. |
| 500 | |aIncludes April 2005 updates. The latest version will be available on the departmental website.--[Page ii] |
| 520 | 3 |aThis manual sets out national standards and guidelines for family violence prevention and protection programs for people who are ordinarily resident on-reserve. It is intended to be a guide for developing and operating such programs. The manual is also intended to be a teaching document for new INAC staff at both the national and regional levels. |
| 590 | |a05-25|b2005-06-24 |
| 590 | |a06-10-Supp|b2006-12-15 |
| 690 | 07|aFamily violence|2gcpds |
| 690 | 07|aIndigenous programs|2gcpds |
| 690 | 07|aCrime prevention|2gcpds |
| 775 | 08|tProgramme de la prévention de la violence - manuel national |w(CaOODSP)9.631432 |
| 776 | 0#|tFamily Violence Prevention Program - National manual |w(CaOODSP)9.665497 |
| 776 | 0#|tProgramme de la prévention de la violence - Manuel national |w(CaOODSP)9.665498 |
| 856 | 40|ahttp://publications.gc.ca|qPDF|s450 KB|uhttps://publications.gc.ca/collections/Collection/R2-333-2004E.pdf |